000 01031nam0a22002291 4500
001 rc\145103
005 20260407141723.0
035 _a(NLR Aleph) 005415056
090 _a7414688
_c7414688
100 _a20030307d1991 |||y0rusy50 ca
101 0 _arus
102 _aRU
105 _aa |||||||||
200 1 _aСборник решений и циркуляров Главтехуправления за 1988 год
_e(Электротехн. часть)
_fМ-во энергетики и электрификации СССР. Гл. науч.-техн. упр. энергетики и электрификации
210 _aМ.
_cСлужба передового опыта Оргрэс
_d1991
215 _a112 с.
_cил.
_d20
710 0 1 _aСССР
_bГлавное научно-техническое управление энергетики и электрификации
_3RU\NLR\AUTH\8810010400
_9518477
801 0 _aRU
_bNLR
_gpsbo
801 1 _aRU
_bELAR
_2rusmarc
852 _aNLR
_j80-4/13479
942 _cBOOK
980 _aNB